| 000 | 01039nam a2200325Ia 4500 | ||
|---|---|---|---|
| 001 | Z_4129 | ||
| 003 | CHAP | ||
| 008 | 220113s1993 xx 000 0 und d | ||
| 010 | _a167192 | ||
| 040 | _cCHAP | ||
| 082 | _a636.20855 I5 | ||
| 100 |
_aInternational Symposium on Forage Cell Wall Structure and Digestibility (1991 : Madison, Wis.) _9141344 |
||
| 245 |
_aForage cell wall structure and digestibility / _ced. by H. G. Jung... / _cand others / _c |
||
| 260 |
_aMadison, Wis. : _bAmerican Society of Agronomy, _c1993 |
||
| 300 | _a794 p. | ||
| 440 | _a | ||
| 500 | _aFotocopía c. 2 | ||
| 503 | _a180370 | ||
| 650 |
_aDigestión _xCongresos _9141345 |
||
| 650 |
_aForrajes _xCitología _xCongresos _9141346 |
||
| 650 |
_aLignocelulosa in nutrición animal _xCongresos _9141347 |
||
| 650 |
_aRumen _xCongresos I. Jung, H. G II. t _9141348 |
||
| 650 |
_aRumiantes _xAlimentos y alimentación _xCongresos _9141349 |
||
| 901 | _a636.20855 I5 | ||
| 902 | _aA | ||
| 910 | _a1993 | ||
| 942 | _c1 | ||
| 942 | _cc1 | ||
| 999 |
_c167192 _d167192 |
||